Tratamiento de la fundaciones frente al impuesto a las ganancias (Registro nro. 20583)

Detalles MARC
000 -LEADER
fixed length control field 00344 a2200109 4500
001 - CONTROL NUMBER
control field ART_58765
005 - DATE AND TIME OF LATEST TRANSACTION
control field 20260410161801.0
008 - FIXED-LENGTH DATA ELEMENTS--GENERAL INFORMATION
fixed length control field 260409a
100 1# - MAIN ENTRY--PERSONAL NAME
Personal name Sequeira, Marcos A.
245 10 - TITLE STATEMENT
Title Tratamiento de la fundaciones frente al impuesto a las ganancias
773 0# - HOST ITEM ENTRY
Title Doctrina tributaria
Related parts - N° 520 (jul. 2023)
Record control number REV4296

No hay ítems disponibles.